Electrónica básica

Gespeichert in:
Bibliographische Detailangaben
Körperschaft: Van Valkenburgh, Nooger & Neville (VerfasserIn)
Format: Buch
Sprache:Spanisch
Veröffentlicht: Buenos Aires Bell 1969
Ausgabe:5a. ed
Schlagworte:
Tags: Tag hinzufügen
Keine Tags, Fügen Sie den ersten Tag hinzu!

MARC

LEADER 00000nam a2200000 a 4500
001 UCP0896
003 CL-VaPUC
008 990319e19690000AG |||||||||||||||||spa|d
082 0 4 |a 621.381  |b VAN  |2 21 
110 2 |a Van Valkenburgh, Nooger & Neville  |e author  |9 426540 
245 1 0 |a Electrónica básica 
250 |a 5a. ed 
300 |a v 
942 |c BK 
945 |d 19990319 00:00:00  |a lriquelm 
260 |a Buenos Aires  |b Bell  |c 1969 
650 0 |a Electrónica   |9 263192 
650 7 |a DIODOS SEMICONDUCTORES  |2 CL-VaPUC  |9 426541 
650 0 |a Transistores  |9 260330 
650 7 |a FRECUENCIAS  |2 CL-VaPUC  |9 360857 
650 7 |a DISPOSITIVOS SEMICONDUCTORES  |2 CL-VaPUC  |9 361201 
650 0 |a Energía eléctrica  |9 256678 
650 0 |a Electromagnetismo   |9 260123 
650 0 |a Generación de energía eléctrica  |9 345677 
650 0 |a Propagación de ondas  |9 263256 
583 |a last modification  |c 19990319 00:00:00  |k Rodrigo Vera 
999 |c 279631  |d 279629